000 01104cam a22003137a 4500
003 CHAP
005 20220329141641.0
008 971013s1984 r 00010 d
010 _a71686
011 _a72658
035 _a82214
040 _cCHAP
090 _aFolleto 10107
100 0 0 _aCampos Magaña, Santos G.
_918114
245 0 _aSistemas sencillos para la perforación de pozos
260 _aVeracruz, Ver. :
_bINIA. Campo Agrícola Experimental Cotaxtla,
_c1984
300 _aHoja desplegable
490 0 _aINIA. Campo Agrícola Experimental Cotaxtla. Desplegable informativa
_v; 1
590 _aBATCH-UPD
_b10
_c20130110
_lUCH01
_h0507
590 _aBATCH-UPD
_b10
_c20130410
_lUCH01
_h0145
590 _aBATCH-UPD
_b10
_c20130914
_lUCH01
_h0830
590 _aCONVERSION
_b10
_c20130109
_lUCH01
_h1339
650 1 4 _aPozos.
_991207
830 0 _aINIA. Campo Agrícola Experimental Cotaxtla. Desplegable informativa
_v; 1
_958431
901 _aBK
942 _cFOLL
949 _aFolleto 10107
_bBC
_cFOLL
_d-36133
_eTS1
_i82214
_si
949 _aFolleto 10107
_bBC
_cFOLL
_d-36135
_eTS2
_fc.2
_i82214
_si
999 _c71686
_d71686